[Event "10th Mumbai Mayors Cup 2017"]
[Site "Mumbai"]
[Date "2017.06.05"]
[Round "2"]
[White "Ghosh, Diptayan"]
[Black "Karthik Venkataraman"]
[Result "1-0"]
[WhiteElo "2569"]
[BlackElo "2317"]
[Annotator "TA"]
[PlyCount "85"]
[EventDate "2017.06.04"]
[EventType "swiss"]
[EventCountry "IND"]
[SourceTitle "playchess.com"]
[Source "ChessBase"]
[SourceQuality "1"]

{[%evp 20,85,27,24,29,6,32,38,66,61,57,68,68,66,76,73,76,81,75,83,74,73,89,85,80,82,148,151,146,153,137,141,151,150,131,43,87,87,87,97,94,70,100,92,91,88,88,91,84,90,90,88,94,87,107,108,175,179,242,247,236,247,286,280,262,237,1508,1497]} 1. d4 Nf6 2. c4 g6 3. Nf3 Bg7 4. g3 O-O 5. Bg2 c5 6. Nc3 Nc6 7. O-O d6 8. dxc5 dxc5 9. Be3 Qa5 10. Qb3 Ng4 11. Bd2 Nd4 {E65: King's Indian: Fianchetto: 6...c5 7 0-0 without d5 by White} 12. Qd1 (12. Nxd4 cxd4 13. Qb5 Qd8 14. Nd5 e6 15. Ba5 Qd7 16. Qxd7 Bxd7 17. Nf4 Bc6 18. Nd3 Rac8 19. b3 {0-1 (38) San Segundo Carrillo,P (2516)-Damljanovic,B (2578) Sanxenxo 2004}) 12... Nxf3+ 13. exf3 Ne5 {White is slightly better.} 14. Nd5 Qd8 15. Bg5 f6 16. Be3 e6 $1 {[%cal Re6d5] [#]} 17. Nc3 $1 $36 {[%mdl 2048] White is on the roll.} Qe7 $146 ({Predecessor:} 17... Qa5 18. Qb3 f5 19. Rad1 {1-0 (55) Prasanna Raghuram,R (2460)-Weisbuch,U (2254) Gibraltar 2016}) 18. Qb3 Nc6 19. f4 Nd4 20. Qa3 Rd8 21. Rad1 Bf8 22. Rd2 Qf7 (22... a5 $142) 23. Ne4 $16 e5 24. fxe5 fxe5 25. Bg5 (25. Nxc5 Nf3+ 26. Bxf3 Qxf3 $19) 25... Be7 26. Bxe7 Qxe7 27. Kh1 (27. Nxc5 $16 {Black must now prevent Kh1.} Nf3+ 28. Bxf3 Rxd2 29. Qc3) 27... Be6 28. Qxc5 Qxc5 29. Nxc5 Bxc4 30. Re1 Nf5 31. Rxd8+ Rxd8 32. b3 ({Much weaker is} 32. Nxb7 Rd2 $11) 32... Bf7 33. Bxb7 Rd2 34. Kg2 Rxa2 35. Rxe5 Rb2 36. g4 Nd6 37. Bf3 Kg7 (37... Rc2 $16 {was worth a try.} 38. h3 Kf8 39. Nd7+ Kg7) 38. Re7 $18 Rc2 (38... h5 {is a better defense.} 39. gxh5 (39. Rxa7 hxg4 40. Bxg4 Kf6 $18) 39... Nf5 40. Rxa7 Nh4+ 41. Kg3 Nxf3 42. Kxf3 gxh5) 39. Ne4 Kf8 40. Rxa7 Nxe4 41. Bxe4 Rb2 42. Rb7 Rxb3 $2 {[#]} (42... Be6 43. g5 Rxb3 44. Rxh7 Rb5) 43. Rxf7+ $1 {[%mdl 512] Precision: White = 78%, Black = 49%.} 1-0

[Event "10th Mumbai Mayors Cup 2017"]
[Site "Mumbai"]
[Date "2017.06.05"]
[Round "2"]
[White "Rahman, Ziaur"]
[Black "Mohammad Fahad, Rahman"]
[Result "1/2-1/2"]
[WhiteElo "2526"]
[BlackElo "2305"]
[Annotator "TA"]
[PlyCount "114"]
[EventDate "2017.06.04"]
[EventType "swiss"]
[EventCountry "IND"]
[SourceTitle "playchess.com"]
[Source "ChessBase"]
[SourceQuality "1"]

{[%evp 19,114,19,30,25,47,29,31,20,26,9,8,-8,-11,-19,-32,-21,-19,-39,-16,-19,0,-53,-60,-57,-72,-90,-100,-83,-83,-157,-70,-77,-72,-93,-48,-45,-50,-48,-52,-51,-65,-60,-56,-47,-53,-136,-146,-165,-93,-92,-96,-59,0,0,0,0,29,29,29,29,29,29,29,29,29,30,58,58,58,58,58,58,61,58,58,58,58,56,61,64,68,68,68,68,76,76,76,47,47,47,47,0,47,47,47,47,47]} 1. c4 e6 2. g3 d5 3. Bg2 Nf6 4. Nf3 c5 {[%cal Bc7c5,Bc5c4][%mdl 32]} 5. cxd5 exd5 6. d4 Nc6 7. O-O h6 8. Nc3 {[%cal Bb1c3,Bc3a4,Ba4b2,Bb2c4,Bc4e5][%mdl 32]} Be7 {[%cal Bf8e7,Be7b4,Bb4c3][%mdl 32]} 9. Be3 c4 10. Ne5 O-O 11. b3 {D34: Tarrasch Defence: 6 g3 Nf6 7 Bg2 Be7} (11. Qa4 a6 12. Nxc6 bxc6 13. Bf4 Qb6 14. b3 Qxd4 15. Rac1 Be6 16. bxc4 Qxc4 17. Qxc4 dxc4 18. Bxc6 Rad8 {1-0 (64) Damljanovic,B (2595)-Tadic,B (2495) Zlatibor 2008}) 11... Bb4 12. Nxc6 $146 ({Predecessor:} 12. Na4 Ng4 13. Nxg4 Bxg4 14. bxc4 dxc4 15. d5 Ne5 16. Qd4 Re8 17. Bf4 Bxe2 18. Bxe5 Bxf1 19. Bxg7 Bxg2 20. Bxh6 {1-0 (30) Barletta,M (2190)-Davi,A (2155) Torino 2013}) 12... bxc6 13. Na4 Ba6 14. bxc4 Bxc4 15. Nb2 Bc3 16. Nxc4 (16. Qc2 {looks sharper.} Bxb2 17. Qxb2 Re8 18. Bf3 Qd7 19. Qc2) 16... Bxa1 17. Ne5 Bb2 $1 {With the idea ...c5!} 18. Nxc6 Qd6 (18... Qe8 $5 {[%cal Re8c6]} 19. Ne5 Rb8 $15) 19. Ne5 $1 Qa3 20. Qb1 (20. Bf4 $11) 20... Rab8 $36 {[%mdl 2048] Black has the initiative.} 21. Qf5 Qxa2 22. Nc6 {[#] Black must now prevent Bxh6!} Rb6 $1 {[%cal Rb6c6]} 23. Ne7+ Kh8 24. g4 (24. Qe5 $142) 24... Qa3 (24... Ba3 $17 25. Nxd5 Rb5 26. Bxh6 Rxd5 27. Bxd5 Qxd5 28. Qxd5 Nxd5) 25. Nxd5 Nxd5 26. Qxd5 Qd6 (26... Qb4 {feels hotter.} 27. Be4 a5 28. Qf5 g6 29. Qe5+ Kh7) 27. Qxd6 Rxd6 28. d5 Rd7 29. Bd2 Rc8 30. Rd1 Rc5 31. Rb1 Be5 32. e4 (32. Be4 $15) 32... a5 $17 33. Be3 Rc2 (33... Rc3 $19 {And now ...a4 would win.} 34. Bd2 Ra3) 34. Rb5 a4 35. Ra5 Rc4 ({Black should play} 35... Ra2 $15) 36. Bf1 $11 Rb4 ({Of course not} 36... Rxe4 $6 37. Ra8+ Kh7 38. Bd3 $16) 37. Bc5 Rxe4 38. Ra8+ Kh7 39. Bd3 f5 $1 40. Bxe4 fxe4 41. Rxa4 Rxd5 {[%mdl 4096] Endgame KRB-KRB} 42. Be3 Bf6 43. Rxe4 h5 44. h3 {[%cal Bh2h3,Bh3g4][%mdl 32]} hxg4 45. hxg4 Re5 46. Rc4 Bg5 47. Bb6 Re6 48. Bc7 Re1+ 49. Kg2 Rc1 50. Rxc1 Bxc1 $14 {KB-KB} 51. Kf3 Kg6 52. Ke4 Kf7 53. f4 (53. Bf4 $5 {[%cal Rf4c1]} Ba3 54. Kd5 $16) 53... g6 54. Kd5 Bd2 55. Ke4 Bc1 56. Be5 Ke6 57. Bc3 Ba3 {Precision: White = 62%, Black = 68%.} 1/2-1/2

[Event "10th Mumbai Mayors Cup 2017"]
[Site "Mumbai"]
[Date "2017.06.05"]
[Round "2"]
[White "Grover, Sahaj"]
[Black "Ziatdinov, Raset"]
[Result "1/2-1/2"]
[WhiteElo "2485"]
[BlackElo "2301"]
[Annotator "TA"]
[PlyCount "83"]
[EventDate "2017.06.04"]
[EventType "swiss"]
[EventCountry "IND"]
[SourceTitle "playchess.com"]
[Source "ChessBase"]
[SourceQuality "1"]

{[%evp 14,83,21,1,18,23,29,27,44,0,0,0,0,-14,8,-6,-6,-4,-6,-6,-7,-7,-9,-6,-8,-8,-8,-14,-12,-10,-6,-18,-8,-6,-8,-8,0,0,0,0,0,0,1,0,0,0,0,0,0,0,0,0,0,0,0,0,0,0,0,0,0,0,0,0,0,0,0,0,0,0,0,0]} 1. e4 e5 2. Nf3 Nc6 3. Bb5 a6 4. Ba4 Nf6 5. Qe2 d6 6. c3 Be7 7. O-O O-O 8. Rd1 Bg4 {C86: Closed Ruy Lopez: Worrall Attack} 9. h3 Bh5 10. d3 Nd7 {[%cal Bf6d7,Bd7c5,Bc5e6,Be6f4][%mdl 32] White has an edge.} 11. Nbd2 (11. Bc2 Bxf3 12. Qxf3 Bg5 13. Nd2 Nc5 14. Nf1 Ne6 15. g3 g6 16. Be3 {1-0 (36) Torosyan,N (2365)-Babujian,L (2465) Yerevan 2016}) 11... Nc5 {The position is equal.} 12. Bc2 Ne6 13. Nb3 $146 ({Predecessor:} 13. g4 Nf4 14. Qf1 Bg6 {1-0 (35) Milosavljevic,J (2084)-Susovic,H (2085) Split 2006}) 13... Bg5 14. g4 Bxc1 15. Nxc1 Nf4 16. Qf1 Bg6 17. Ne2 Qf6 18. Nxf4 Qxf4 19. Ne1 Nd8 20. Qe2 Ne6 21. Ng2 Qf6 22. Rf1 Rad8 23. Bb3 c6 24. Bxe6 fxe6 25. f4 exf4 26. Rxf4 Qg5 27. Raf1 e5 28. Rxf8+ Rxf8 29. Rxf8+ Kxf8 30. Qf2+ Bf7 31. Kh2 h5 32. Qa7 hxg4 33. Qb8+ Ke7 34. Qc7+ Ke6 {[#] ( -> ...g3+)} 35. hxg4 Qh6+ 36. Kg3 {Hoping for Qc8+.} Qd2 37. Qc8+ Kf6 38. Qd8+ Ke6 39. Qc8+ Kf6 40. Qd8+ Ke6 41. Kh2 Qh6+ 42. Kg3 {Precision: White = 72%, Black = 77%.} 1/2-1/2

[Event "10th Mumbai Mayors Cup 2017"]
[Site "Mumbai"]
[Date "2017.06.05"]
[Round "2"]
[White "Deviatkin, Andrei"]
[Black "Lama, Himal"]
[Result "1-0"]
[WhiteElo "2481"]
[BlackElo "2073"]
[Annotator "TA"]
[PlyCount "175"]
[EventDate "2017.06.04"]
[EventType "swiss"]
[EventCountry "IND"]
[SourceTitle "playchess.com"]
[Source "ChessBase"]
[SourceQuality "1"]

{[%evp 9,175,64,55,36,57,52,55,52,54,64,67,76,87,79,84,80,91,90,132,112,122,118,161,127,127,91,74,94,90,103,129,118,124,127,164,86,147,58,58,49,41,7,69,93,101,86,79,92,91,0,0,0,74,18,80,82,93,98,89,85,70,0,0,0,0,0,88,88,81,16,88,81,86,0,237,241,235,211,218,233,243,7,16,0,1,0,1,4,98,1,13,0,177,133,125,111,112,85,72,68,79,63,155,143,152,153,154,0,33,19,72,68,60,37,49,20,81,39,231,210,199,173,315,315,307,306,301,291,512,511,510,503,496,453,395,462,435,400,1512,1108,2205,2191,3596,2041,1345,651,10429,10364,29962,6589,9647,9754,10121,6708,29969,29970,29968,29973,29973,29973,29965,29973,29974,29975,29979,29980,29984,29985]} 1. c4 Nf6 2. g3 d5 3. Bg2 dxc4 (3... e6 4. Nf3 Be7 5. O-O O-O 6. Qc2 d4 7. c5 Nc6 8. Ne1 e5 9. e4 Nb4 10. Qc4 a5 11. a3 Be6 12. Qe2 Na6 13. c6 bxc6 14. d3 {0-1 (24) Svidler,P (2758)-Adams,M (2754) London 2013}) 4. Na3 c6 5. Nxc4 g6 6. b3 {A15: English Opening: 1...Nf6} Bg7 7. Bb2 O-O 8. Nf3 {White is slightly better.} a5 9. O-O b5 $146 ({Predecessor:} 9... Be6 10. Rc1 Nbd7 11. d3 {1-0 (41) Galyas,M (2440)-Szabolcsi,J (2380) Hungary 2005}) 10. Nce5 {[%cal Bc4e5,Be5d3,Bd3c5][%mdl 32]} Ra6 11. Rc1 a4 12. Nd3 axb3 13. axb3 Nd5 14. Bxg7 Kxg7 15. Qc2 Qd6 16. Nc5 Ra7 17. d4 Nb4 18. Qd2 N8a6 19. Nxa6 Rxa6 20. Rc5 Nd5 21. Ne5 Bd7 22. Rfc1 (22. e4 $18 Nf6 23. Qc3) 22... Rfa8 (22... Rd8 $142) 23. Bxd5 (23. e4 $1 $16 {[%cal Re4d5]} Nf6 24. Nxc6) 23... cxd5 $14 24. Qf4 Be8 25. Kg2 Rd8 ({Black should try} 25... Ra2 $11) 26. Rc7 f6 27. Nd3 $36 {[%mdl 2048] White is really pushing.} Qxf4 28. gxf4 Kf7 29. Rb7 {Threatens to win with Rcc7.} Bc6 30. Rc7 Be8 $1 31. R1c2 (31. Nb4 $16 Ra3 32. R1c3) 31... Ra3 (31... Rd7 $11) 32. Rb7 $16 {Strongly threatening Rcc7.} Rd7 33. Rb8 {And now Rcc8 would win.} Rda7 34. Rcc8 $1 {[%cal Rc8e8]} Bd7 35. Rh8 (35. Rg8 $14) 35... Kg7 $11 36. Rbg8+ Kh6 37. Rf8 Kg7 (37... Bf5 $1 $11) 38. Nc5 $16 Bf5 39. Rhg8+ Kh6 40. Rf7 $1 e6 41. Rxf6 ({Better is} 41. Rgf8 $16) 41... Ra8 $2 (41... Ra2 $1 $11 {and Black has nothing to worry.} 42. Kf3 (42. Nxe6 Rxe2 43. Ng5 Kh5 $15) 42... Be4+ 43. Kg3 (43. Nxe4 dxe4+ 44. Kxe4 Rxe2+ 45. Kd3 Raa2 $11) 43... Rxe2 44. Rxe6 Raa2) 42. Rxa8 $18 Rxa8 {[%mdl 4096] Endgame KRB-KRN} 43. Rf7 Ra2 44. Kf3 g5 {[%cal Bg6g5,Bg5g4][%mdl 32]} 45. Nxe6 $2 (45. Rf6+ $18 Kh5 46. Nxe6 Bg4+ 47. Kg3 Bxe6 48. Rxe6) 45... g4+ ({Not} 45... Bxe6 $2 46. Rf6+ Kg7 47. Rxe6 $18) 46. Kg3 Kg6 $1 {[%cal Rg6f7]} 47. Nd8 $1 {Black must now prevent Rb7.} Ra8 48. Rf8 {Black should prevent b4.} Rc8 (48... b4 $1 $11) 49. f3 (49. Rg8+ $16 Kf6 50. Rf8+ Kg6 51. Rg8+ Kf6 52. Rf8+ Kg6) 49... gxf3 $11 50. exf3 Bd7 $2 (50... b4 $11 {and Black is okay.}) 51. f5+ Bxf5 52. Kf4 Bh3 53. Rg8+ Kf6 54. Rg3 $1 {[%cal Rg3h3]} Bf5 55. Nb7 Rc2 (55... Rc3 $1 $14) 56. Rg5 $16 Be6 57. Rh5 $1 Kg6 58. Rh4 $2 (58. Re5 $1 $16 {[%cal Re5e6]} Kf6 59. Nd8) 58... Re2 59. Kg3 (59. Nc5 $5 {[%cal Rc5e6]}) 59... Bf5 (59... Rc2 $11) 60. Nd6 Bd3 61. Rg4+ Kf6 62. Rf4+ Kg6 (62... Ke7 $11 {remains equal.} 63. Nf7 Rb2) 63. Nf7 Bf5 $2 (63... Kg7 $14) 64. Ne5+ $18 Kf6 {[#]} 65. Nd7+ $1 Kg5 (65... Ke7 $142 66. Rxf5 Kxd7 67. Rxd5+ Kc6 68. Rc5+ Kb6) 66. h4+ {[%cal Bh2h4,Bh4h5][%mdl 32]} Kg6 67. Nf8+ Kf6 {...Re7 is the strong threat.} 68. Nxh7+ $1 Kg6 $2 {[#]} (68... Ke6 {was called for.}) 69. h5+ $1 Kxh7 (69... Kxh5 70. Rxf5+) 70. Rxf5 {KR-KR} Rb2 71. Rxd5 Rxb3 72. Kg4 Rb1 73. Rd7+ Kg8 (73... Kh6 $142 74. Rd6+ Kh7 75. Rd7+ Kh6 76. Rd6+ Kh7) 74. Rb7 Rd1 75. f4 Rxd4 76. Kg5 Rd1 77. Rxb5 (77. f5 $142 Rg1+ 78. Kf6) 77... Ra1 78. Rb8+ Kf7 79. Rb7+ (79. h6 $142 Rg1+ 80. Kf5 Rh1 {[#]} 81. h7 $1 {[%mdl 512]} Rh5+ 82. Ke4 Rxh7 83. Rb7+ Kg8 84. Rxh7) 79... Kg8 80. f5 Rg1+ 81. Kf6 Re1 82. Rg7+ {White mates.} Kf8 83. Ra7 Kg8 84. Ra8+ Kh7 85. Kf7 Re5 86. f6 {[%cal Bf5f6,Bf6f7][%mdl 32]} Rxh5 87. Ke6 Rh1 88. f7 {Precision: White = 60%, Black = 34%.} 1-0

[Event "10th Mumbai Mayors Cup 2017"]
[Site "Mumbai"]
[Date "2017.06.05"]
[Round "2"]
[White "Nguyen, Duc Hoa"]
[Black "Aditya Mittal"]
[Result "1/2-1/2"]
[WhiteElo "2477"]
[BlackElo "2211"]
[Annotator "TA"]
[PlyCount "81"]
[EventDate "2017.06.04"]
[EventType "swiss"]
[EventCountry "IND"]
[SourceTitle "playchess.com"]
[Source "ChessBase"]
[SourceQuality "1"]

{[%evp 13,81,2,17,0,6,16,24,27,12,17,34,27,36,-20,47,35,53,27,42,49,50,34,20,21,58,46,90,77,81,64,81,67,74,0,0,-101,-113,-210,-220,-214,-226,-229,-227,-215,-206,-446,-454,-416,-428,-477,-448,-392,-245,-245,-255,-277,-257,-237,-187,-661,-619,-505,-168,-157,-134,-207,-140,-141,0,-320]} 1. d4 d5 2. c4 c6 3. Nf3 Nf6 4. Qb3 dxc4 5. Qxc4 Bf5 6. g3 e6 7. Bg2 Be7 8. O-O {D23: Queen's Gambit Accepted: 3 Nf3 Nf6 sidelines} O-O 9. e3 h6 (9... Nbd7 10. Qe2 Qc7 11. Nc3 e5 12. dxe5 Nxe5 13. Nxe5 Qxe5 14. e4 Bg4 15. f3 Be6 {½-½ (43) Yu,Y (2743)-Wang,H (2680) Chengdu 2017}) 10. Nc3 {White has an edge.} b5 $146 ({Predecessor:} 10... Nbd7 11. Qe2 Bg6 12. Rd1 a5 13. e4 Bb4 14. Nh4 Bh7 15. d5 exd5 16. exd5 Re8 17. Be3 Bxc3 18. dxc6 bxc6 19. bxc3 {½-½ (39) Coppola,C (2214)-Curi,G (2234) San Jose de Mayo 2015}) 11. Qe2 b4 12. Na4 Be4 13. Bd2 ({White should try} 13. Re1 $14) 13... c5 (13... Qa5 $11 14. b3 Nbd7) 14. Rfc1 $14 cxd4 15. Nxd4 Qd7 {And now ...Bxg2 would win.} 16. f3 Bd5 17. Nc5 Bxc5 18. Rxc5 e5 19. Nc2 a5 20. e4 $1 {[%cal Re4d5]} Be6 21. Rxe5 Rc8 22. Be3 Qd6 23. Bf4 ({White should play} 23. Rxe6 $16 fxe6 24. Nd4) 23... Nbd7 $11 24. Rb5 (24. Rxe6 $1 $11 Qxe6 25. Nd4) 24... Qa6 $1 $36 {[%mdl 2048] Hoping for ...Bc4. Black is really pushing.} 25. Bf1 (25. a4 $17) 25... Bc4 $19 26. Qxc4 Rxc4 27. Bxc4 {Strongly threatening Rb8+!} Rc8 28. b3 Nb6 29. a4 $2 (29. Rxb6 Qxb6+ 30. Be3) 29... Nxc4 30. bxc4 Rxc4 31. Ne3 Qa7 32. Re1 g5 33. Bb8 Qd4 34. Be5 Qd2 35. Kf1 Rc1 {[%csl Gd2][%cal Rc1e1]} 36. Rb8+ $2 {[#]} (36. Rxc1 Qxe3 37. Rc8+ Kh7 38. Bxf6 Qxf3+ 39. Kg1 Qxf6 40. e5) 36... Kh7 $1 {[%csl Gd2][%cal Rc1e1]} 37. Rxc1 Qxc1+ $2 (37... Qxe3 38. Bxf6 Qxc1+ 39. Ke2 Qc2+ 40. Ke3 Qxh2) 38. Ke2 {[#]} Qc6 $1 39. h3 (39. Kd3 $17 {was necessary.}) 39... h5 40. Nd5 Nxd5 $2 (40... Ng8 $17 41. Rf8 f6 42. Rf7+ Kh8) 41. Rh8+ {[%mdl 32768] Precision: White = 49%, Black = 57%. . An unexpected result.} 1/2-1/2

[Event "10th Mumbai Mayors Cup 2017"]
[Site "Mumbai"]
[Date "2017.06.05"]
[Round "2"]
[White "Babujian, Levon"]
[Black "Mithil, Ajgaonkar"]
[Result "1-0"]
[WhiteElo "2438"]
[BlackElo "2203"]
[Annotator "TA"]
[PlyCount "91"]
[EventDate "2017.06.04"]
[EventType "swiss"]
[EventCountry "IND"]
[SourceTitle "playchess.com"]
[Source "ChessBase"]
[SourceQuality "1"]

{[%evp 20,91,22,22,27,22,25,26,15,18,36,32,33,33,56,53,75,33,40,9,18,0,29,15,10,18,38,13,16,8,8,6,14,21,67,77,76,31,61,13,8,0,5,0,20,20,96,36,213,137,201,197,892,889,885,868,883,879,872,795,856,597,562,465,465,464,464,464,602,584,581,508,508,508]} 1. d4 d5 2. c4 c6 3. Nc3 Nf6 4. Nf3 e6 5. Bg5 Nbd7 6. e3 Qa5 7. Nd2 Bb4 8. Qc2 dxc4 9. Bxf6 Nxf6 10. Nxc4 Qc7 11. Bd3 c5 {D52: Queen's Gambit Declined: Cambridge Springs Variation} (11... O-O 12. O-O g6 13. Ne5 Bd6 14. f4 Bd7 15. Ne4 Nxe4 16. Bxe4 Rfd8 17. Rac1 Rac8 18. Nd3 Be8 19. b4 a5 {½-½ (38) Bykov,O (2332)-Drogovoz,I (2193) Puschino 2017}) 12. O-O {[#] Threatens to win with Nb5.} Bd7 13. a3 Bxc3 {White has an edge.} 14. bxc3 Ng4 {[%csl Gg4][%cal Rc7h2]} 15. g3 $1 b5 16. Nd2 h5 $146 ({Predecessor:} 16... Nf6 17. Nf3 cxd4 18. exd4 O-O 19. Rfc1 Rfc8 20. Ne5 Be8 21. Qe2 Nd5 22. Qe4 Nf6 23. Qh4 h6 24. Qf4 Rab8 25. c4 {½-½ (25) Hlavica,B (1995)-Korinek,J (1643) LSS email 2013}) 17. Qd1 Bc6 18. Be4 (18. a4 {is more complex.} bxa4 19. Be4 O-O 20. Bxc6 Qxc6 21. Qxa4 Rfc8 22. Qxc6 Rxc6 23. Ne4) 18... Nf6 19. Bxc6+ Qxc6 20. a4 O-O 21. axb5 Qxb5 22. c4 $36 {[%mdl 2048] White has some pressure.} Qb7 23. Qb3 (23. Nb3 $5 {[%cal Rb3c5]}) 23... Qc7 24. Rfd1 Rfd8 25. Nf3 cxd4 26. exd4 Rac8 27. c5 Nd5 {[%cal Bf6d5,Bd5e7,Be7f5][%mdl 32]} 28. Ne5 Ne7 29. Ra4 {[%cal Ba1a4,Ba4c4,Bc4c8][%mdl 32]} Nf5 30. Qc3 Rd5 31. Nf3 Rcd8 32. Rda1 a6 (32... e5 $11) 33. c6 (33. Rxa6 $16 Nxd4 34. Nxd4 Rxd4 35. c6) 33... R8d6 $2 {[#]} ({Better is} 33... h4 $14) 34. Rc4 a5 (34... Rd8 $16) 35. Rb1 $18 a4 $2 (35... Rd8 36. Rb7 Qc8) 36. Rb7 {White is clearly winning.} Qc8 37. c7 Qxb7 38. c8=Q+ Qxc8 39. Rxc8+ Rd8 40. Rc4 a3 41. Qxa3 Nxd4 42. Nxd4 Rxd4 43. Rc3 h4 44. Kg2 hxg3 45. hxg3 R4d5 46. Qa7 {Precision: White = 56%, Black = 34%.} 1-0

[Event "10th Mumbai Mayors Cup 2017"]
[Site "Mumbai"]
[Date "2017.06.05"]
[Round "2"]
[White "Nitin, S.."]
[Black "Arvind, Shastry"]
[Result "1/2-1/2"]
[WhiteElo "2427"]
[BlackElo "2190"]
[Annotator "TA"]
[PlyCount "58"]
[EventDate "2017.06.04"]
[EventType "swiss"]
[EventCountry "IND"]
[SourceTitle "playchess.com"]
[Source "ChessBase"]
[SourceQuality "1"]

{[%evp 10,58,-10,-6,-2,-2,-1,-8,30,0,6,-7,18,22,25,25,34,24,28,0,6,5,13,16,19,20,25,24,50,37,93,43,144,141,139,127,130,112,118,127,118,118,129,-2649,29996,0,993,102,29997,29986,29986]} 1. e4 e6 2. d4 d5 3. Bd3 {[%cal Bf1d3,Bd3e4,Be4f3][%mdl 32]} dxe4 4. Bxe4 Nf6 5. Bf3 c5 6. Ne2 Nc6 {[%cal Rc5d4] C01: French: Exchange Variation} 7. Be3 cxd4 (7... Nd5 8. Bxd5 Qxd5 9. Nbc3 Qd8 10. dxc5 Qxd1+ 11. Rxd1 Bd7 12. Nb5 O-O-O 13. c3 a6 14. Nd6+ Bxd6 15. cxd6 {0-1 (47) Vavulin,M (2582)-Popov,I (2596) Moscow 2016}) 8. Nxd4 Bd7 {The position is equal.} 9. Nc3 Be7 $146 ({Predecessor:} 9... Bb4 10. O-O O-O 11. Qe2 {½-½ (11) Vainio,V (2214)-Maki Uuro,M (2342) Finland 2010}) 10. Qe2 Nxd4 11. Bxd4 Bc6 12. O-O-O Qa5 13. h4 O-O 14. g4 {[%cal Bg2g4,Bg4g5][%mdl 32]} Rfd8 (14... e5 $5 15. Bxe5 Bxf3 16. Qxf3 Qxe5 $15) 15. g5 Bxf3 16. Qxf3 Nd5 17. Kb1 Nxc3+ 18. Bxc3 Bb4 19. Bd4 Rd5 (19... Rac8 $14) 20. a3 $40 {[%mdl 128] Black needs to defend precisely.} Bd2 (20... Be7 $14) 21. c3 $16 {[%cal Bc2c3,Bc3d4][%mdl 32]} e5 22. Rxd2 exd4 23. Rxd4 Rxd4 24. cxd4 {[%mdl 4096] Endgame KQR-KQR} Rd8 25. Rc1 g6 26. Qd5 $2 {[%mdl 8192]} (26. Ka2 $16) 26... Rc8 $4 {[%mdl 8192] [#]} (26... Qxd5 $19 27. Rg1 Qxd4) 27. Qh1 $2 (27. Rxc8+ {mates} Kg7 28. Qxa5 h6 29. Qe5+ Kh7 30. Qh8#) 27... Kg7 $2 {[%mdl 8192]} (27... Qf5+ $11 28. Ka2 Rxc1 29. Qxc1 Qxf2) 28. Qf3 $2 (28. Rxc8 $18 {is the precise move to win.} Qf5+ 29. Rc2) 28... f6 $2 {[%mdl 8192]} (28... Rxc1+ $16 29. Kxc1 Qc7+ 30. Kd2 Qb6) 29. gxf6+ Kf7 {[%mdl 32768] Precision: White = 35%, Black = 21%. . An unexpected result.} 1/2-1/2

[Event "10th Mumbai Mayors Cup 2017"]
[Site "Mumbai"]
[Date "2017.06.05"]
[Round "2"]
[White "Murshed, Niaz"]
[Black "Thipsay, Bagyashree Sathe"]
[Result "1-0"]
[WhiteElo "2423"]
[BlackElo "2081"]
[Annotator "TA"]
[PlyCount "68"]
[EventDate "2017.06.04"]
[EventType "swiss"]
[EventCountry "IND"]
[SourceTitle "playchess.com"]
[Source "ChessBase"]
[SourceQuality "1"]

{[%evp 19,68,2,0,-10,-3,-25,-27,-16,0,0,7,-7,0,-1,0,-2,0,-1,0,-8,0,0,0,0,12,9,11,14,27,-74,-79,-69,0,0,78,84,77,78,211,204,280,278,270,261,262,243,252,250,251,250,228]} 1. d4 d5 2. c4 e6 3. Nf3 Nf6 4. g3 Bb4+ 5. Bd2 Be7 6. Bg2 c6 7. Qc2 O-O 8. O-O b6 9. b3 Ba6 10. Rd1 Nbd7 11. Bg5 {E15: Queen's Indian: 4 g3 sidelines, 4 g3 Ba6 and 4 g3 Bb7 early deviations} (11. Bf4 Nh5 12. Bc1 Nhf6 13. Bf4 Nh5 14. Bc1 Nhf6 15. Bf4 Rc8 16. Nc3 Nh5 17. Bc1 Nhf6 18. Bf4 h6 19. e4 dxc4 20. Nd2 b5 21. bxc4 bxc4 22. Bf1 Nb6 23. a4 g5 24. Be3 Ng4 25. a5 Nxe3 26. fxe3 Nd7 27. Bxc4 Bb5 {0-1 (63) Wojtaszek,R (2749)-Karjakin,S (2785) Doha 2016}) 11... h6 12. Bxf6 Bxf6 13. e4 $146 {Black has an edge.} ({Predecessor:} 13. cxd5 cxd5 14. Nc3 Be7 15. Qb2 Bb4 16. Rdc1 Qe7 17. a3 Bd6 18. e4 dxe4 19. Nxe4 {½-½ (59) Rosmuller,A (2117)-Freeke,M (2315) Vlissingen 2010}) 13... dxe4 14. Qxe4 Qc7 15. Nc3 Rad8 16. Qe3 c5 17. Ne4 Be7 18. Nc3 Bf6 19. d5 Bxc3 20. Qxc3 exd5 21. cxd5 Nf6 22. Ne5 Bb7 {[%cal Rf6d5]} 23. d6 $1 {[%cal Rd6c7]} Qb8 24. d7 (24. Bxb7 $11 {keeps the balance.} Qxb7 25. Qc4) 24... Bxg2 $17 25. Kxg2 Ne4 (25... Qc7 $15) 26. Qb2 $11 Qb7 (26... Nf6 $11) 27. f3 $16 Ng5 {[#] Strongly threatening ...f6.} 28. Qe2 $1 $36 {[%mdl 2048] Black is under strong pressure.} f6 (28... Ne6 $16 {keeps fighting.}) 29. Ng6 $18 Rf7 30. h4 Qxf3+ 31. Qxf3 Nxf3 32. Kxf3 Rfxd7 33. Rxd7 Rxd7 34. Re1 Kf7 {Precision: White = 63%, Black = 41%.} 1-0